000 01387nam a2200325 c 4500
003 BLK
005 20180420215832.0
008 180413b bul|||||r ||||||| ||bul||
010 _aKNG00025696000
020 _a954-474-144-5
_bиздат.: Кибеа
040 _aBLK
041 _aDEU
_cBUL
080 _aОбща история на философията
_b101(091)
_x(430)
_z101(091)(430)
100 1 _aШопенхауер, Артур
_eпърви автор
_9143913
700 1 _aМихайлова, Красимира
_eпрев. от нем.
_9244020
139 _aШопенхауер, Артур
_bШ 84
245 1 0 _aАфоризми за житейската мъдрост
_cАртур Шопенхауер; прев. от нем. Красимира Михайлова.
257 _aDEU
260 София
_bКибеа
_c1998
300 _a272 с.
_c21 см
380 _a1
490 1 _aПознай себе си
500 _aОриг. загл. Aphorismen zur Lebensweishrit / Arthur Schopenhauer Именен показалец 1. изд. 1991 [деп. 1992] на изд. Св. Климент Охридски в Библ. Класическо наследство ; N 1
653 _aафоризми
852 _aЦб 198823
856 4 _qpdf
_u
856 4 _qpdf
_u
942 _cKNG
_n0
944 _aCR
_c15.01.2003
_kAB_DOS
944 _aED
_c22.12.2016
_kСечил_Томаш
999 _c23222
_d23222